Martin's dream / (Record no. 4664)

MARC details
000 -LEADER
fixed length control field 01137nam a22002897a 4500
001 - CONTROL NUMBER
control field 4664
003 - CONTROL NUMBER IDENTIFIER
control field FISKH
005 - DATE AND TIME OF LATEST TRANSACTION
control field 20240919115121.0
008 - FIXED-LENGTH DATA ELEMENTS--GENERAL INFORMATION
fixed length control field 240919b cb ||||| |||| 00| 0 eng d
020 ## - INTERNATIONAL STANDARD BOOK NUMBER
International Standard Book Number 9780545234955
040 ## - CATALOGING SOURCE
Original cataloging agency FISKH
Language of cataloging eng
Transcribing agency FISKH
Modifying agency FISKH
050 ## - LIBRARY OF CONGRESS CALL NUMBER
Classification number E185.K5
082 ## - DEWEY DECIMAL CLASSIFICATION NUMBER
Classification number 323.092
100 ## - MAIN ENTRY--PERSONAL NAME
Personal name Kurtz, Jane
245 ## - TITLE STATEMENT
Title Martin's dream /
Statement of responsibility, etc. by Jane Kurtz ; Illustrated by Amy June Bates
250 ## - EDITION STATEMENT
Edition statement First Scholastic printing, January 2010.
260 ## - PUBLICATION, DISTRIBUTION, ETC.
Place of publication, distribution, etc. New York :
Name of publisher, distributor, etc. Scholastic,
Date of publication, distribution, etc. 2008.
300 ## - PHYSICAL DESCRIPTION
Extent 30 unnumbered pages :
Other physical details color illustrations ;
Dimensions 23 cm
505 ## - FORMATTED CONTENTS NOTE
Formatted contents note M <br/>
520 ## - SUMMARY, ETC.
Summary, etc. "In 1963 Dr. Martin Luther King Jr. gave a speech that proclaimed that it was time - long overdue - for all men to be treated as equals. Today his beliefs are more important than ever, and author Jane Kurtz explains Dr. King's words in language even the youngest reader can understand"
521 8# - TARGET AUDIENCE NOTE
Target audience note 540<br/>
Source Lexile<br/>
521 8# - TARGET AUDIENCE NOTE
Target audience note M<br/>
Source Raz-Plus<br/>
650 ## - SUBJECT ADDED ENTRY--TOPICAL TERM
Topical term or geographic name entry element Biography
Form subdivision Martin Luther King
General subdivision Civil Rights Movement
700 ## - ADDED ENTRY--PERSONAL NAME
Personal name Bates, Amy June
Relator term Illustrator
942 ## - ADDED ENTRY ELEMENTS (KOHA)
Source of classification or shelving scheme Dewey Decimal Classification
Koha item type Books
Suppress in OPAC No
Holdings
Withdrawn status Lost status Source of classification or shelving scheme Damaged status Not for loan Collection Home library Current library Shelving location Date acquired Total Checkouts Full call number Barcode Date last seen Copy number Price effective from Koha item type Date due Date last checked out
    Dewey Decimal Classification     Non-Fiction Footprints International School Library Network Toul Kork Campus Footprints International School Library Network Toul Kork Campus TK Primary Library Room(4th Floor), Bookcase 3&4, Shelves 17-32, Yellow Books 09/19/2024   KUR 323.092 E185.K5 FISBK02615 09/19/2024 1 09/19/2024 Books    
    Dewey Decimal Classification     Non-Fiction Footprints International School Library Network Toul Kork Campus Footprints International School Library Network Toul Kork Campus TK Primary Library Room(4th Floor), Bookcase 3&4, Shelves 17-32, Yellow Books 04/22/2025 1 KUR 323.092 E185.K5 FISBK02614 03/31/2026 2 04/22/2025 Books 04/14/2026 03/31/2026